| 000 | 01718cam a2200301 a 4500 | ||
|---|---|---|---|
| 999 |
_c8869 _d8869 |
||
| 001 | 29358900 | ||
| 003 | OCoLC | ||
| 005 | 20241126110700.0 | ||
| 008 | 931025s1993 ilu b 000 0 eng | ||
| 010 | _a 93041901 | ||
| 020 | _a0830816577 (pbk. : alk. paper) | ||
| 020 | _a9780830816576 (pbk. : alk. paper) | ||
| 035 | _a(OCoLC)29358900 | ||
| 040 |
_aDLC _beng _cDLC _dBAKER _dBTCTA _dMZN _dYDXCP _dOCLCG _dHNW _dBDX _dOCLCO _dOCLCF |
||
| 050 | 0 | 0 |
_aBV4597.53.C58 _bE55 1993 |
| 082 | 0 | 0 |
_a261.834 _220 _bELM |
| 092 | 0 |
_a261.83334 _bE482 |
|
| 100 | 1 |
_aElmer, Duane, _d1943- _915531 |
|
| 245 | 1 | 0 |
_aCross-cultural conflict : _bbuilding relationships for effective ministry / _cDuane Elmer. |
| 260 |
_aDowners Grove, Ill. : _bInterVarsity Press, _cc1993. |
||
| 300 |
_a189 p. ; _c21 cm. |
||
| 504 | _aIncludes bibliographical references (p. [187]-189). | ||
| 505 | 0 | 0 |
_gPt. 1. _tUnderstanding conflict and culture. _tThe amazing contours of conflict ; _tCultural diversity was God's idea (and so was unity) ; _tHandling conflict the American way ; _tConflict and cultural values -- _gPt. 2. _tCultural diversity and conflict resolution. _tMediation and the mediator ; _tThe one-down position and vulnerability ; _tStorytelling and proverbs ; _tInaction, misdirection, silence and indefinite persons -- _gPt. 3. _tImplications for the gospel message. _tCommunicating the gospel across cultures ; _tPower and winning : the twin diseases ; _tCommunication principles for conflict resolution : a case study from Joshua ; _tPrinciples for managing conflict. |
| 650 | 0 |
_aConflict management _xReligious aspects _xChristianity. _9129 |
|
| 650 | 0 |
_aMissionaries _xTraining of. _92867 |
|
| 650 | 0 |
_aIntergroup relations. _915572 |
|
| 942 |
_2ddc _cBK _03 |
||